The Swords of Lankhmar /

Furkejuvvon:
Bibliográfalaš dieđut
Váldodahkki: Leiber, Fritz (autor)
Materiálatiipa: Girji
Giella:eaŋgalasgiella
Almmustuhtton: Nueva York, EUA : Ace Books, 1968, c1968
Fáddágilkorat: Lasit fáddágilkoriid
Eai fáddágilkorat, Lasit vuosttaš fáddágilkora!

MARC

LEADER 00000nam^a2200000^a^4500
001 000579572
005 20250521000000.0
009 20260310132532.302
037 |a Acervo ITESO - Biblioteca 
041 |a ING 
091 |a FAW. 00110 
100 |a Leiber, Fritz  |e (autor) 
245 1 4 |a The Swords of Lankhmar / 
264 4 |a Nueva York, EUA :  |b Ace Books,  |c 1968, c1968 
300 |a 224 p. 
336 |a texto  |b txt  |2 rdacontenido 
337 |a sin mediación  |b n  |2 rdamedio 
338 |a volumen  |b nc  |2 rdasoporte 
649 |a XX 
910 |a Fondo Adolfo J. Wriedt Kentzler 
920 |a Impresos - Libros 
930 |a Fondos Especiales 
940 |a Literatura 
905 |a 128 
901 |a 0500409359  |b IT2  |c ESP  |i D86196  |u 20250521 
902 |a https://opac.biblio.iteso.mx/vufind/Record/000579572